[Event "SG Niederkassel 1 - SG Bochum 2"]
[Site "NRW-Klasse, Gruppe 2 2016/201"]
[Date "2017.03.26"]
[Round "8.8"]
[White "Groß, Werner"]
[Black "Fistoul, Boris"]
[Result "0-1"]
[WhiteElo "2078"]
[BlackElo "1880"]
[PlyCount "64"]
[EventDate "2017.??.??"]
[WhiteTeam "SG Niederkassel 1"]
[BlackTeam "SG Bochum 2"]

1. c4 e6 2. Nf3 f5 3. g3 Nf6 4. Bg2 d5 5. b3 c6 6. Bb2 Bd6 7. O-O O-O 8. d3 Bd7
9. Nbd2 Qe7 10. Ne5 Be8 11. e4 Bh5 12. Qe1 dxe4 13. dxe4 Nfd7 14. Nd3 Nc5 15.
Nxc5 Bxc5 16. exf5 exf5 17. Qxe7 Bxe7 18. Bf3 Bg6 19. Rfe1 Bb4 20. Red1 f4 21.
g4 Bc2 22. Rdc1 Bg6 23. Ne4 Re8 24. Nc3 Nd7 25. a3 Ne5 26. Be2 f3 27. Bf1 Bd6
28. Rd1 Rad8 29. Rd2 Nxg4 30. Rad1 Bxh2+ 31. Kh1 Rxd2 32. Rxd2 Re1 0-1

[Event "SF Gerresheim 1 - SV Erkenschwick 1"]
[Site "NRW-Klasse, Gruppe 2 2016/201"]
[Date "2017.03.26"]
[Round "8.1"]
[White "Jens, Jelmer"]
[Black "Orlov, Andrey"]
[Result "1-0"]
[WhiteElo "2373"]
[BlackElo "2444"]
[PlyCount "97"]
[EventDate "2017.??.??"]
[WhiteTeam "SV Erkenschwick 1"]
[BlackTeam "SF Gerresheim 1"]

1. e4 e5 2. Nf3 Nc6 3. Bb5 a6 4. Ba4 g6 5. c3 d6 6. d4 Bd7 7. O-O Bg7 8. Re1 h6
9. h3 Nge7 10. Be3 O-O 11. Nbd2 b5 12. Bc2 exd4 13. cxd4 f5 14. Bb3+ Kh7 15. d5
f4 16. dxc6 Nxc6 17. Bd5 fxe3 18. Rxe3 Rc8 19. Qb3 Na5 20. Qc2 c6 21. Bb3 d5
22. e5 Bf5 23. Qc5 Nb7 24. Qa7 Qc7 25. Rc1 Ra8 26. Qd4 c5 27. Qh4 Qd8 28. g4
Be6 29. Bc2 Rg8 30. Qh5 Bf8 31. Nh4 Qg5 32. Ndf3 Qxh5 33. gxh5 Kg7 34. hxg6 d4
35. Re4 Be7 36. Kh2 Rad8 37. Rd1 Rgf8 38. Kg3 a5 39. Rf4 a4 40. Nf5+ Bxf5 41.
Rxf5 d3 42. Rxf8 Bxf8 43. Rxd3 Rxd3 44. Bxd3 c4 45. Bc2 Bc5 46. Nh4 a3 47. Nf5+
Kf8 48. g7+ Kg8 49. Be4 1-0

[Event "SF Gerresheim 1 - SV Erkenschwick 1"]
[Site "NRW-Klasse, Gruppe 2 2016/201"]
[Date "2017.03.26"]
[Round "8.2"]
[White "Stets, Dmitry"]
[Black "Erwich, Marc"]
[Result "1/2-1/2"]
[WhiteElo "2390"]
[BlackElo "2281"]
[PlyCount "77"]
[EventDate "2017.??.??"]
[WhiteTeam "SF Gerresheim 1"]
[BlackTeam "SV Erkenschwick 1"]

1. e4 e5 2. Nf3 Nc6 3. Bb5 a6 4. Ba4 Nf6 5. O-O Be7 6. Re1 b5 7. Bb3 O-O 8. d4
exd4 9. e5 Ne8 10. Bd5 Rb8 11. Nxd4 Nxd4 12. Qxd4 c5 13. Qd3 d6 14. Bf4 dxe5
15. Bxe5 Bd6 16. Nc3 Bg4 17. Qg3 Bxe5 18. Rxe5 Nf6 19. h3 Bd7 20. Rg5 g6 21.
Rd1 b4 22. Ne4 Be6 23. Nxf6+ Qxf6 24. Bxe6 Qxe6 25. Rxc5 Qxa2 26. b3 Rbc8 27.
Qe5 Rfe8 28. Qd4 Rxc5 29. Qxc5 Qb2 30. Rd4 a5 31. Kh2 Kg7 32. Qc4 Re6 33. Rd5
Re5 34. Rd4 Rf5 35. f3 h5 36. Re4 Qf6 37. Qc7 Rd5 38. Rf4 Rf5 39. Re4 1/2-1/2

[Event "SF Gerresheim 1 - SV Erkenschwick 1"]
[Site "NRW-Klasse, Gruppe 2 2016/201"]
[Date "2017.03.26"]
[Round "8.3"]
[White "Erwich, Frank"]
[Black "Orzech, Dominik"]
[Result "1/2-1/2"]
[WhiteElo "2307"]
[BlackElo "2395"]
[PlyCount "49"]
[EventDate "2017.??.??"]
[WhiteTeam "SV Erkenschwick 1"]
[BlackTeam "SF Gerresheim 1"]

1. e4 e6 2. d4 d5 3. Nc3 Bb4 4. exd5 exd5 5. Bd3 Nf6 6. Nge2 O-O 7. O-O Bg4 8.
f3 Bh5 9. Nf4 Bg6 10. Nxg6 hxg6 11. Ne2 Bd6 12. Bg5 c6 13. Qd2 Qc7 14. Bf4 Nbd7
15. Bxd6 Qxd6 16. Qf4 Qe7 17. Ng3 Rfe8 18. Qd2 Qd6 19. Rae1 Nf8 20. c3 Rxe1 21.
Rxe1 Re8 22. Rxe8 Nxe8 23. Qe3 Ne6 24. Bf1 Nf6 25. Ne2 1/2-1/2

[Event "SF Gerresheim 1 - SV Erkenschwick 1"]
[Site "NRW-Klasse, Gruppe 2 2016/201"]
[Date "2017.03.26"]
[Round "8.4"]
[White "Kooijmans, Jermo"]
[Black "Van Beek, Alexander"]
[Result "1/2-1/2"]
[WhiteElo "2178"]
[BlackElo "2235"]
[PlyCount "126"]
[EventDate "2017.??.??"]
[WhiteTeam "SF Gerresheim 1"]
[BlackTeam "SV Erkenschwick 1"]

1. e4 c5 2. Nf3 e6 3. d4 cxd4 4. Nxd4 Nc6 5. Nc3 Qc7 6. Be3 a6 7. Bd3 b5 8.
Nxc6 dxc6 9. a4 b4 10. Nb1 Nf6 11. O-O c5 12. Nd2 Bb7 13. f3 Bd6 14. h3 Nh5 15.
Bf2 Bh2+ 16. Kh1 Ng3+ 17. Bxg3 Bxg3 18. a5 g5 19. Qe2 h5 20. Nc4 Rd8 21. e5 Bd5
22. Nd6+ Ke7 23. Bxa6 f6 24. Bc4 Bxe5 25. Bxd5 Rxd6 26. Be4 Bxb2 27. Ra2 Bd4
28. a6 c4 29. Ra4 Rb8 30. Bb7 Ba7 31. Qe4 Qc5 32. c3 bxc3 33. Rxc4 f5 34. Rxc5
fxe4 35. Rxc3 e3 36. Re1 Rbd8 37. Rcxe3 Bxe3 38. Rxe3 Rd1+ 39. Kh2 Ra1 40. h4
gxh4 41. Re4 Rg8 42. Rxh4 Rg5 43. Rh3 Kf6 44. Rg3 e5 45. Rxg5 Kxg5 46. g3 Ra2+
47. Kh3 Ra3 48. Kg2 Kf6 49. Kf2 Ke7 50. Kg2 Kd6 51. Kh3 Ra4 52. Kg2 Kc5 53. Kh3
Kb6 54. Be4 Rxa6 55. Kh4 Kc7 56. Kxh5 Kd7 57. g4 Ke7 58. g5 Kf7 59. Bd5+ Kg7
60. Kg4 Ra1 61. Kf5 Rg1 62. Be4 Rg3 63. Bd5 Rg1 1/2-1/2

[Event "SF Gerresheim 1 - SV Erkenschwick 1"]
[Site "NRW-Klasse, Gruppe 2 2016/201"]
[Date "2017.03.26"]
[Round "8.5"]
[White "Langers, Alexander"]
[Black "Dresen, Ulrich"]
[Result "1-0"]
[WhiteElo "2178"]
[BlackElo "2164"]
[PlyCount "133"]
[EventDate "2017.??.??"]
[WhiteTeam "SV Erkenschwick 1"]
[BlackTeam "SF Gerresheim 1"]

1. e4 e5 2. Nf3 Nc6 3. Nc3 Nf6 4. d4 exd4 5. Nxd4 Bb4 6. Nxc6 bxc6 7. Bd3 d5 8.
exd5 cxd5 9. O-O O-O 10. Bg5 c6 11. Qf3 Rb8 12. Bxf6 Qxf6 13. Qxf6 gxf6 14. Ne2
Bd6 15. b3 Re8 16. Ng3 Be5 17. Rae1 Bd7 18. Re3 c5 19. Nh5 Kh8 20. Rfe1 Bc3 21.
Rxe8+ Rxe8 22. Rxe8+ Bxe8 23. Nf4 Bc6 24. Be2 Bd2 25. Nh5 d4 26. Bd3 h6 27. Kf1
Bc1 28. f3 Kg8 29. Nxf6+ Kg7 30. Ng4 Bf4 31. h3 h5 32. Nf2 Kf6 33. Bc4 Ke7 34.
Nd3 Bd6 35. h4 f5 36. Kf2 f4 37. Nc1 Be8 38. Ne2 Bd7 39. Bd3 Be5 40. Bg6 Bb5
41. Bd3 Be8 42. g3 fxg3+ 43. Kg2 Bf7 44. f4 Bd6 45. Kxg3 Be6 46. c3 Bg4 47.
cxd4 Bxe2 48. Bxe2 cxd4 49. Bxh5 d3 50. Bg6 d2 51. Bc2 Kf6 52. Kf3 Kg7 53. Ke4
Kf6 54. h5 Bf8 55. Ke3 Bh6 56. b4 Ke6 57. Ke4 Kf6 58. a4 Bf8 59. b5 Bb4 60. Kd5
Bc3 61. Kc6 Bd4 62. a5 Be3 63. b6 axb6 64. a6 b5 65. Kxb5 Kg7 66. Kc6 Kh6 67.
Bd1 1-0

[Event "SF Gerresheim 1 - SV Erkenschwick 1"]
[Site "NRW-Klasse, Gruppe 2 2016/201"]
[Date "2017.03.26"]
[Round "8.6"]
[White "Volkov, Mykyta"]
[Black "Homs, Guust"]
[Result "1/2-1/2"]
[WhiteElo "2185"]
[BlackElo "2138"]
[PlyCount "36"]
[EventDate "2017.??.??"]
[WhiteTeam "SF Gerresheim 1"]
[BlackTeam "SV Erkenschwick 1"]

1. d4 d5 2. c4 e6 3. Nf3 Nf6 4. g3 dxc4 5. Bg2 c5 6. O-O Nc6 7. dxc5 Qxd1 8.
Rxd1 Bxc5 9. Nbd2 Ke7 10. Nxc4 Ne4 11. Be3 Bxe3 12. Nxe3 Rd8 13. Rxd8 Kxd8 14.
Rd1+ Ke7 15. Nc4 Rb8 16. a3 Bd7 17. Ne1 Nf6 18. Nd3 Rc8 1/2-1/2

[Event "SF Gerresheim 1 - SV Erkenschwick 1"]
[Site "NRW-Klasse, Gruppe 2 2016/201"]
[Date "2017.03.26"]
[Round "8.7"]
[White "Krings, Christoph"]
[Black "Selten, Jan"]
[Result "1/2-1/2"]
[WhiteElo "2178"]
[BlackElo "2071"]
[PlyCount "32"]
[EventDate "2017.??.??"]
[WhiteTeam "SV Erkenschwick 1"]
[BlackTeam "SF Gerresheim 1"]

1. d4 e6 2. Nf3 Nf6 3. g3 c5 4. Bg2 cxd4 5. O-O Nc6 6. Nxd4 d5 7. c4 Be7 8. Nc3
O-O 9. cxd5 exd5 10. b3 Qa5 11. Bb2 Bb4 12. Rc1 Bg4 13. Nxc6 bxc6 14. a3 Be7
15. b4 Qb6 16. Na4 Qb5 1/2-1/2

[Event "SF Gerresheim 1 - SV Erkenschwick 1"]
[Site "NRW-Klasse, Gruppe 2 2016/201"]
[Date "2017.03.26"]
[Round "8.8"]
[White "Liedmann, Dennis"]
[Black "Eggenstein, Frank"]
[Result "0-1"]
[WhiteElo "1979"]
[BlackElo "1984"]
[Annotator "Daniel"]
[PlyCount "92"]
[EventDate "2017.??.??"]
[WhiteTeam "SF Gerresheim 1"]
[BlackTeam "SV Erkenschwick 1"]

1. d4 Nf6 2. Nf3 g6 3. Bf4 d6 4. e3 Bg7 5. Be2 O-O 6. h3 Nbd7 7. O-O c6 8. c4
Qb6 9. Qc2 Re8 10. Nc3 c5 11. Bh2 a6 12. a3 Qa7 13. b4 b6 14. Rab1 Bb7 15. bxc5
bxc5 16. d5 Rab8 $11 17. Qa4 Ra8 18. Qa5 Reb8 19. Qc7 Bc8 20. Qd8+ Bf8 21. Ng5
Nb6 22. Bxd6 Bf5 23. Bxb8 Rxb8 24. Qxb8 Qxb8 25. e4 Bd7 26. f4 h6 27. Nxf7 Kxf7
28. e5 Bf5 29. d6 exd6 30. exf6 Bxb1 31. Rxb1 Qd8 32. Ne4 d5 33. cxd5 Qxd5 34.
Bf3 Qd4+ 35. Kh1 c4 36. f5 Bc5 37. Rd1 Qe3 38. fxg6+ Kxg6 39. Rf1 Bf8 40. Ng3
c3 41. Bh5+ Kh7 42. Rf3 Qe1+ 43. Kh2 c2 44. h4 c1=Q 45. Kh3 Qxa3 46. Kg4 Qe6+
0-1

[Event "SF Gerresheim 1 - Siegener SV 1"]
[Site "NRW-Klasse, Gruppe 2 2016/201"]
[Date "2017.03.05"]
[Round "7.1"]
[White "Schischke, Reinhard"]
[Black "Orzech, Dominik"]
[Result "0-1"]
[WhiteElo "2182"]
[BlackElo "2395"]
[Annotator "Daniel"]
[PlyCount "108"]
[EventDate "2017.??.??"]
[WhiteTeam "Siegener SV 1"]
[BlackTeam "SF Gerresheim 1"]

1. Nf3 Nf6 2. b3 g6 3. Bb2 Bg7 4. d4 O-O 5. Nbd2 d5 6. g3 c5 7. dxc5 Qa5 8. Bg2
Nc6 9. O-O Qxc5 10. Ne5 Nxe5 11. Bxe5 Bf5 12. c3 Rfd8 13. Qc1 Rac8 14. Qb2 b6
15. a4 e6 16. h3 h5 17. Nf3 $11 Be4 18. Rac1 Qe7 19. Rfe1 Bh6 20. Bf4 Bxf4 21.
gxf4 Nd7 22. Nd2 Bf5 23. c4 Qh4 24. cxd5 Bxh3 25. Bxh3 Qxh3 26. Rxc8 Rxc8 27.
Rc1 Rxc1+ 28. Qxc1 exd5 29. Qc8+ Kg7 30. Nf3 Qg4+ 31. Kf1 Nc5 32. Qc7 Qd7 33.
Qe5+ f6 34. Qe3 Qh3+ 35. Kg1 Ne6 36. a5 Qf5 37. Nd4 Qg4+ 38. Kf1 Kf7 39. axb6
axb6 40. Nb5 Qxf4 41. Qxb6 Qc1+ 42. Kg2 Nf4+ 43. Kf3 g5 44. Qc7+ Qxc7 45. Nxc7
Ke7 46. e3 Kd7 47. Nb5 Ne6 48. Nc3 Kd6 49. b4 f5 50. Kg3 Ke5 51. b5 Nc5 52. Ne2
Ne6 53. Nc3 f4+ 54. exf4+ Nxf4 0-1

[Event "SF Gerresheim 1 - Siegener SV 1"]
[Site "NRW-Klasse, Gruppe 2 2016/201"]
[Date "2017.03.05"]
[Round "7.2"]
[White "Kooijmans, Jermo"]
[Black "Richter, Gerald"]
[Result "1-0"]
[WhiteElo "2178"]
[BlackElo "2057"]
[PlyCount "47"]
[EventDate "2017.??.??"]
[WhiteTeam "SF Gerresheim 1"]
[BlackTeam "Siegener SV 1"]

1. e4 c5 2. Nf3 e6 3. d4 cxd4 4. Nxd4 Nc6 5. Nc3 Qc7 6. Be3 Nf6 7. Bd3 a6 8.
O-O Be7 9. f4 d6 10. Qf3 O-O 11. Qg3 g6 12. Nxc6 bxc6 13. f5 Kg7 14. Qh4 h5 15.
fxg6 fxg6 16. e5 Ng4 17. Bg5 Qb6+ 18. Kh1 Rxf1+ 19. Rxf1 Bxg5 20. Qxg5 Nf2+ 21.
Rxf2 Qxf2 22. Qxg6+ Kf8 23. Qh6+ Ke7 24. exd6+ 1-0

[Event "SF Gerresheim 1 - Siegener SV 1"]
[Site "NRW-Klasse, Gruppe 2 2016/201"]
[Date "2017.03.05"]
[Round "7.3"]
[White "Bouillon, Christian"]
[Black "Agterberg, Mark"]
[Result "1-0"]
[WhiteElo "2056"]
[BlackElo "2122"]
[PlyCount "106"]
[EventDate "2017.??.??"]
[WhiteTeam "Siegener SV 1"]
[BlackTeam "SF Gerresheim 1"]

1. e4 c6 2. c4 d5 3. cxd5 cxd5 4. exd5 Qxd5 5. Nf3 Nf6 6. Nc3 Qd8 7. Bb5+ Bd7
8. Bc4 e6 9. O-O Qc7 10. Qe2 a6 11. d4 Be7 12. d5 exd5 13. Nxd5 Nxd5 14. Bxd5
Bb5 15. Qe4 Bxf1 16. Bf4 Bd3 17. Qe3 Qc5 18. Qxd3 Nc6 19. Bxc6+ bxc6 20. Rc1
Rd8 21. Qe2 Qb5 22. Qe3 Qd3 23. Qe5 f6 24. Qe6 Qd5 25. Qe2 Kf7 26. h3 Qb5 27.
Qc2 g6 28. a4 Qb4 29. Be3 c5 30. Bd2 Qb6 31. Bc3 Rd7 32. Qe4 Qe6 33. Qf4 h6 34.
Ne5+ Kg7 35. Nxd7 Qxd7 36. Re1 Rf8 37. Qc4 Qb7 38. Re6 Rd8 39. Qxa6 Rd1+ 40.
Kh2 Qc7+ 41. g3 Rd6 42. Bxf6+ Kf7 43. Rxd6 Bxd6 44. Bc3 Be5 45. Qc4+ Kf8 46.
Bxe5 Qxe5 47. Qf4+ Qxf4 48. gxf4 Ke7 49. Kg3 Kd6 50. f5 gxf5 51. Kf4 c4 52.
Kxf5 Kc5 53. Ke5 Kb4 1-0

[Event "SF Gerresheim 1 - Siegener SV 1"]
[Site "NRW-Klasse, Gruppe 2 2016/201"]
[Date "2017.03.05"]
[Round "7.4"]
[White "Dresen, Ulrich"]
[Black "Becker, Frank"]
[Result "1/2-1/2"]
[WhiteElo "2164"]
[BlackElo "2031"]
[PlyCount "115"]
[EventDate "2017.??.??"]
[WhiteTeam "SF Gerresheim 1"]
[BlackTeam "Siegener SV 1"]

1. d4 c5 2. e3 b6 3. Nf3 Nf6 4. Bd3 Bb7 5. O-O e6 6. Nbd2 Be7 7. c3 O-O 8. e4
d6 9. Qe2 Qc7 10. b3 Nbd7 11. Bb2 Rac8 12. Rfe1 Rfe8 13. Rac1 Bf8 14. g3 e5 15.
d5 g6 16. c4 Nh5 17. Nh4 Bg7 18. Nf1 Rcd8 19. Ne3 Bc8 20. Rc2 Ndf6 21. f3 Qe7
22. Bc1 Qf8 23. Ng4 Nxg4 24. fxg4 Nf6 25. h3 Qe7 26. Rf1 Rf8 27. Qg2 Nd7 28.
Rcf2 f6 29. Kh2 Rf7 30. Be3 Rdf8 31. Qf3 Nb8 32. Qd1 Bd7 33. Qd2 a6 34. a3 Be8
35. b4 Qa7 36. Rb1 Rb7 37. g5 fxg5 38. Rxf8+ Bxf8 39. Bxg5 Rf7 40. Kg2 Nd7 41.
Nf3 Nf6 42. Be3 Bd7 43. Ng5 Re7 44. bxc5 bxc5 45. Qa5 h6 46. Nf3 Bc8 47. Qd8
Qc7 48. Qxc7 Rxc7 49. Rb8 Nd7 50. Rb1 Rb7 51. Rxb7 Bxb7 52. Nd2 Bc8 53. Nb3 Nb6
54. Na5 Kf7 55. Bd2 Ke8 56. Be2 Bd7 57. h4 h5 58. Kf2 1/2-1/2

[Event "SF Gerresheim 1 - Siegener SV 1"]
[Site "NRW-Klasse, Gruppe 2 2016/201"]
[Date "2017.03.05"]
[Round "7.5"]
[White "Schmidt, Matthias"]
[Black "Volkov, Mykyta"]
[Result "0-1"]
[WhiteElo "1881"]
[BlackElo "2185"]
[PlyCount "128"]
[EventDate "2017.??.??"]
[WhiteTeam "Siegener SV 1"]
[BlackTeam "SF Gerresheim 1"]

1. e4 e6 2. d4 d5 3. Nc3 Nf6 4. Bg5 Be7 5. e5 Nfd7 6. h4 h6 7. Bxe7 Qxe7 8. Nf3
O-O 9. Bd3 c5 10. dxc5 Nc6 11. Qe2 Nxc5 12. O-O-O f6 13. exf6 Qxf6 14. Kb1 a6
15. Rde1 b5 16. Nd1 Bd7 17. Ne5 Nxe5 18. Qxe5 Nxd3 19. cxd3 Rac8 20. Qxf6 Rxf6
21. f3 h5 22. Nf2 Rf4 23. Re3 b4 24. Nh3 Rxh4 25. g3 Rd4 26. Nf4 Rxf4 27. gxf4
g6 28. f5 exf5 29. Re7 Bb5 30. Rd1 Kf8 31. Re5 Kf7 32. f4 d4 33. Rd5 h4 34.
Rxd4 h3 35. Rh1 Rh8 36. Rh2 a5 37. Rd5 Bc6 38. Rxa5 Bg2 39. Ra7+ Kf6 40. Ra6+
Kf7 41. Ra7+ Kf6 42. Ra6+ Kg7 43. Ra7+ Kh6 44. Re7 Kh5 45. Re2 Kg4 46. Rexg2+
hxg2 47. Rxg2+ Kxf4 48. Rxg6 Ke3 49. Kc2 f4 50. Re6+ Kf3 51. Kb3 Rb8 52. d4 Kg2
53. Kc4 f3 54. a4 f2 55. Rg6+ Kf3 56. Rf6+ Ke2 57. Re6+ Kd2 58. Rf6 Ke1 59.
Re6+ Kf1 60. a5 Rf8 61. Kd3 Kg1 62. Rg6+ Kh1 63. Rh6+ Kg2 64. Rg6+ Kf3 0-1

[Event "SF Gerresheim 1 - Siegener SV 1"]
[Site "NRW-Klasse, Gruppe 2 2016/201"]
[Date "2017.03.05"]
[Round "7.6"]
[White "Van Lanen, Toon"]
[Black "Lindner, Torsten"]
[Result "1/2-1/2"]
[WhiteElo "2075"]
[BlackElo "1903"]
[Annotator "Daniel"]
[PlyCount "57"]
[EventDate "2017.??.??"]
[WhiteTeam "SF Gerresheim 1"]
[BlackTeam "Siegener SV 1"]

1. e4 e6 2. d4 d5 3. Nc3 Nf6 4. Bd3 dxe4 5. Nxe4 Be7 6. Nf3 Nbd7 7. O-O O-O 8.
Qe2 b6 9. Rd1 Bb7 10. c4 Qc8 11. Bg5 Re8 12. Rac1 c5 13. Bb1 cxd4 14. Nxd4 Nxe4
15. Bxe7 Nxf2 16. Qxf2 Rxe7 17. Qh4 Nf6 18. Rf1 Rd7 19. b4 Qd8 20. Nb3 Ne4 21.
Qf4 f5 22. g4 Qg5 23. Bxe4 Qxf4 24. Rxf4 Bxe4 25. gxf5 exf5 $11 26. Rff1 Rd6
27. Rc3 Rad8 28. c5 Rg6+ 29. Rg3 1/2-1/2

[Event "SF Gerresheim 1 - Siegener SV 1"]
[Site "NRW-Klasse, Gruppe 2 2016/201"]
[Date "2017.03.05"]
[Round "7.7"]
[White "Doehner, Hans-Juergen"]
[Black "Selten, Jan"]
[Result "0-1"]
[WhiteElo "1835"]
[BlackElo "2071"]
[PlyCount "122"]
[EventDate "2017.??.??"]
[WhiteTeam "Siegener SV 1"]
[BlackTeam "SF Gerresheim 1"]

1. e4 e6 2. d4 d5 3. e5 c5 4. c3 Nc6 5. Nf3 Qb6 6. a3 Nh6 7. b4 cxd4 8. cxd4
Nf5 9. Bb2 Bd7 10. Be2 Be7 11. O-O O-O 12. Kh1 Rac8 13. Bd3 f6 14. exf6 Bxf6
15. Bxf5 exf5 16. Re1 Rfe8 17. Ne5 Bxe5 18. dxe5 Qxf2 19. Re2 Qh4 20. Nd2 Be6
21. Nf3 Qe7 22. Qd2 Nd8 23. Rc1 Nf7 24. Rd1 Rc4 25. Nd4 Rd8 26. h3 Ng5 27. Qd3
Ne4 28. Nxe6 Qxe6 29. Kh2 d4 30. Kg1 b5 31. Rc2 h6 32. Qb3 Qd5 33. Rd3 Kh7 34.
Re2 Qxe5 35. a4 a6 36. axb5 axb5 37. Qa3 Rdc8 38. Qa1 Qf4 39. Rd1 Nc3 40. Rf2
Qe5 41. Re1 Ne4 42. Rf3 Rxb4 43. Bc1 Rbc4 44. Bb2 Qc5 45. Rd3 Nc3 46. Kh1 Rc7
47. Qa8 Re7 48. Rf1 Qe5 49. Qf8 g6 50. Bc1 Qg7 51. Qb8 Re4 52. Bf4 Rc6 53. Ra1
Rce6 54. Ra3 Re7 55. Ra8 b4 56. Bd6 Rb7 57. Qd8 b3 58. Bf8 Qe5 59. Ra1 b2 60.
Rf1 b1=Q 61. Rdf3 Re1 0-1

[Event "SF Gerresheim 1 - Siegener SV 1"]
[Site "NRW-Klasse, Gruppe 2 2016/201"]
[Date "2017.03.05"]
[Round "7.8"]
[White "Koehler, Markus"]
[Black "Besser, Jochen"]
[Result "1-0"]
[WhiteElo "2046"]
[BlackElo "1848"]
[PlyCount "163"]
[EventDate "2017.??.??"]
[WhiteTeam "SF Gerresheim 1"]
[BlackTeam "Siegener SV 1"]

1. c4 g6 2. Nc3 Bg7 3. g3 c5 4. Bg2 Nc6 5. a3 b6 6. Rb1 Bb7 7. d3 Qc8 8. e4 d6
9. Nge2 e6 10. Be3 e5 11. Qd2 Nge7 12. Bh6 O-O 13. h4 f6 14. Bh3 Qd8 15. Be6+
Kh8 16. Bxg7+ Kxg7 17. h5 Qe8 18. Nb5 Ng8 19. Nc7 Qe7 20. hxg6 hxg6 21. Bxg8
Rxg8 22. Nxa8 Bxa8 23. Qh6+ Kf7 24. Qh7+ Rg7 25. Qh8 Qd8 26. Qxd8 Nxd8 27. Nc3
f5 28. f3 Ne6 29. Nb5 Kg8 30. Kd2 fxe4 31. fxe4 a6 32. Nxd6 Rd7 33. Ne8 Kf7 34.
Rbf1+ Kxe8 35. Rh8+ Ke7 36. Rxa8 b5 37. cxb5 axb5 38. Ke3 Nd4 39. Rc8 c4 40.
dxc4 Nc2+ 41. Ke2 Nd4+ 42. Kf2 bxc4 43. Rxc4 Nb3 44. Rc2 Rd3 45. Kg2 Rd4 46.
Rf3 Nd2 47. Rxd2 Rxd2+ 48. Rf2 Rd4 49. Re2 Kd6 50. Kf3 Kc5 51. Ke3 Rd1 52. Rc2+
Kb6 53. Rd2 Rb1 54. Kf3 Kc6 55. a4 Ra1 56. Rd5 Rxa4 57. Rxe5 Rb4 58. Re6+ Kd7
59. Rxg6 Rxb2 60. Ra6 Ke7 61. g4 Kf7 62. g5 Rb1 63. Rf6+ Ke7 64. Kf4 Rf1+ 65.
Ke5 Rg1 66. Kf5 Rf1+ 67. Kg6 Re1 68. Rf4 Rg1 69. Kh6 Rh1+ 70. Kg7 Rh2 71. Rf5
Rg2 72. Re5+ Kd6 73. Kf6 Rg4 74. Rd5+ Kc6 75. Kf5 Rg1 76. g6 Rf1+ 77. Kg5 Rg1+
78. Kf6 Rg4 79. g7 Rf4+ 80. Rf5 Rg4 81. Rg5 Rf4+ 82. Ke5 1-0

[Event "SV Erkenschwick 1 - SG Niederkassel 1"]
[Site "NRW-Klasse, Gruppe 2 2016/201"]
[Date "2017.03.05"]
[Round "7.1"]
[White "Schienmann, Bruno"]
[Black "Erwich, Marc"]
[Result "1/2-1/2"]
[WhiteElo "2266"]
[BlackElo "2281"]
[PlyCount "123"]
[EventDate "2017.??.??"]
[WhiteTeam "SG Niederkassel 1"]
[BlackTeam "SV Erkenschwick 1"]

1. d4 Nf6 2. c4 e6 3. Nc3 d5 4. cxd5 exd5 5. Bg5 c6 6. e3 Be7 7. Bd3 O-O 8. Qc2
Nbd7 9. Nge2 Re8 10. O-O Nf8 11. f3 h6 12. Bh4 Ne6 13. Rad1 b5 14. h3 Ng5 15.
Bf2 Bf8 16. Ng3 Bd7 17. e4 dxe4 18. fxe4 b4 19. Nce2 Qa5 20. Nf4 Rac8 21. b3 c5
22. d5 c4 23. Bxc4 Ngxe4 24. Kh1 Nxf2+ 25. Rxf2 Re3 26. Nfh5 Nxh5 27. Nxh5 Qc5
28. Rdf1 Rc3 29. Qd2 f5 30. Nf4 Qe3 31. Qd1 Bd6 32. Rf3 Qe5 33. Re1 Qf6 34. Ne6
R8xc4 35. bxc4 Rxc4 36. Qd3 Qh4 37. Ref1 g6 38. Qe3 Re4 39. Qxa7 Bxe6 40. dxe6
Rxe6 41. Qd7 Qe7 42. Qxe7 Bxe7 43. R3f2 Kg7 44. Rc2 h5 45. g3 h4 46. gxh4 Bxh4
47. Kg2 Kh6 48. Rf4 Be7 49. Rfc4 Re3 50. Rf4 Ra3 51. Rf3 Ra6 52. Re3 Bf6 53.
Rce2 Bd4 54. Rd3 Bf6 55. Red2 Bc3 56. Rd6 Ra3 57. Re2 Kh5 58. Rb6 f4 59. Rf2 g5
60. Rb5 Kg6 61. h4 gxh4 62. Rxf4 1/2-1/2

[Event "SV Erkenschwick 1 - SG Niederkassel 1"]
[Site "NRW-Klasse, Gruppe 2 2016/201"]
[Date "2017.03.05"]
[Round "7.2"]
[White "Erwich, Frank"]
[Black "Wigger, Jochen"]
[Result "0-1"]
[WhiteElo "2307"]
[BlackElo "2216"]
[Annotator "Daniel"]
[PlyCount "120"]
[EventDate "2017.??.??"]
[WhiteTeam "SV Erkenschwick 1"]
[BlackTeam "SG Niederkassel 1"]

1. c4 c6 2. e4 d5 3. exd5 cxd5 4. cxd5 Nf6 5. Nc3 Nxd5 6. Nf3 Nc6 7. d4 e6 8.
Bd3 Be7 9. O-O O-O 10. Re1 Nf6 11. a3 b6 12. Bg5 Bb7 13. Bc2 Rc8 14. Qd3 g6 15.
Rad1 Qc7 16. Bh4 Rfd8 17. Bg3 Qd7 18. Ba4 Qe8 19. Qe3 Bd6 20. Bh4 Be7 21. d5
Nxd5 22. Nxd5 Bxh4 23. Nxb6 axb6 24. Nxh4 Qe7 $11 25. Nf3 Qc5 26. Qh6 Qf8 27.
Qh4 Ne7 28. Ng5 h6 29. Ne4 Nf5 30. Qf4 Rxd1 31. Rxd1 Qg7 32. Nc3 e5 33. Qb4 Qf6
34. Ne4 $11 Qh4 35. Ng3 Qxb4 36. axb4 Rc4 37. Nxf5 gxf5 38. Bd7 Rxb4 39. Bxf5
Rxb2 40. Rd7 Ba6 41. h4 Bc4 42. g4 b5 43. g5 hxg5 44. h5 Ra2 45. h6 Ra8 46. Rb7
Re8 47. Kh2 Be6 48. Be4 b4 49. Rxb4 f5 50. Bc6 Re7 51. Rb5 Bf7 52. Rb6 Re6 53.
Rb8+ Kh7 54. Bd7 Rxh6+ 55. Kg1 f4 56. Rb5 Rd6 57. Bf5+ Kg7 58. Rxe5 Kf6 59. Rb5
Rd1+ 60. Kg2 Bd5+ 0-1

[Event "SV Erkenschwick 1 - SG Niederkassel 1"]
[Site "NRW-Klasse, Gruppe 2 2016/201"]
[Date "2017.03.05"]
[Round "7.3"]
[White "Rybarczyk, Klaus"]
[Black "Langers, Alexander"]
[Result "1-0"]
[WhiteElo "2219"]
[BlackElo "2178"]
[PlyCount "113"]
[EventDate "2017.??.??"]
[WhiteTeam "SG Niederkassel 1"]
[BlackTeam "SV Erkenschwick 1"]

1. c4 Nf6 2. g3 g6 3. Bg2 Bg7 4. Nc3 O-O 5. e4 d6 6. Nge2 c5 7. O-O Nc6 8. d3
Rb8 9. h3 Bd7 10. Be3 Ne8 11. d4 b6 12. b3 a6 13. Qd2 Nc7 14. d5 Na5 15. Bh6 b5
16. Bxg7 Kxg7 17. Nd1 Na8 18. cxb5 axb5 19. Kh2 b4 20. Ne3 Kg8 21. Rac1 Qb6 22.
f4 Nc7 23. f5 Bb5 24. Rf4 Bxe2 25. Qxe2 Ne8 26. Rh4 Nf6 27. Qd2 g5 28. Rh6 Kg7
29. Nc4 Nxc4 30. Qxg5+ Kh8 31. Rxc4 Rg8 32. Qc1 Ra8 33. Qb2 Kg7 34. Rh4 Qa6 35.
Rc2 Qd3 36. Rd2 Qe3 37. Re2 Qd3 38. e5 Kf8 39. g4 dxe5 40. Qxe5 Re8 41. Rf2 Qa6
42. Qe3 Qd6+ 43. Kg1 Nxd5 44. Bxd5 Qxd5 45. Rd2 Qc6 46. Rh6 Qc7 47. Rxh7 Rd8
48. Rxd8+ Qxd8 49. Qxc5 Qd1+ 50. Kf2 Qd2+ 51. Kf3 Qd1+ 52. Ke4 Rxg4+ 53. hxg4
Qxg4+ 54. Kd3 Kg8 55. Rh6 Qf3+ 56. Qe3 Qd5+ 57. Ke2 1-0

[Event "SV Erkenschwick 1 - SG Niederkassel 1"]
[Site "NRW-Klasse, Gruppe 2 2016/201"]
[Date "2017.03.05"]
[Round "7.4"]
[White "Van Zutphen, Jimmy"]
[Black "Stanetzek, Carsten"]
[Result "1/2-1/2"]
[WhiteElo "2207"]
[BlackElo "2132"]
[PlyCount "73"]
[EventDate "2017.??.??"]
[WhiteTeam "SV Erkenschwick 1"]
[BlackTeam "SG Niederkassel 1"]

1. d4 d5 2. Bf4 Nf6 3. e3 c5 4. c3 Nc6 5. Bd3 Qb6 6. Qc1 Nh5 7. Bg5 e5 8. Be2
Nf6 9. dxe5 Nxe5 10. Nf3 Nxf3+ 11. Bxf3 Ne4 12. Bf4 Be6 13. O-O Be7 14. Nd2 Ng5
15. Be2 O-O 16. Qc2 Rad8 17. Rac1 Bc8 18. Rfd1 Rfe8 19. Nf3 Nxf3+ 20. Bxf3 Be6
21. Rd2 Rd7 22. Rcd1 Red8 23. Qa4 Bf6 24. Bxd5 g5 25. Bxe6 Rxd2 26. Rxd2 gxf4
27. Rxd8+ Qxd8 28. Bb3 fxe3 29. fxe3 Bg5 30. Qe4 b5 31. Bc2 Kf8 32. Qe5 Qd2 33.
Qxc5+ Be7 34. Qc8+ Bd8 35. Qc5+ Be7 36. Qc8+ Bd8 37. Qc5+ 1/2-1/2

[Event "SV Erkenschwick 1 - SG Niederkassel 1"]
[Site "NRW-Klasse, Gruppe 2 2016/201"]
[Date "2017.03.05"]
[Round "7.5"]
[White "Broehl, Stephan"]
[Black "Homs, Guust"]
[Result "0-1"]
[WhiteElo "2112"]
[BlackElo "2138"]
[PlyCount "50"]
[EventDate "2017.??.??"]
[WhiteTeam "SG Niederkassel 1"]
[BlackTeam "SV Erkenschwick 1"]

1. e4 e5 2. Bc4 Nc6 3. Nc3 Nf6 4. d3 Na5 5. Bb3 Nxb3 6. axb3 d6 7. f4 exf4 8.
Bxf4 Be7 9. Nf3 O-O 10. O-O b6 11. Nd4 Bd7 12. Bg5 a5 13. Nf5 Bxf5 14. Rxf5 c6
15. Qf3 Nd7 16. Bxe7 Qxe7 17. d4 Rae8 18. e5 dxe5 19. Qxc6 exd4 20. Nd5 Qe6 21.
Qb5 Rc8 22. Qf1 Rfe8 23. c4 dxc3 24. bxc3 g6 25. Rg5 h6 0-1